[Event "Cesis 4th"]
[Site "Cesis"]
[Date "2025.06.18"]
[Round "7"]
[White "Miezis, Normunds"]
[Black "Golubovskis, Maksims"]
[Result "1/2-1/2"]
[WhiteElo "2384"]
[BlackElo "2228"]
[PlyCount "85"]
[EventDate "2025.06.16"]
[EventType "swiss"]
[EventRounds "8"]
[EventCountry "LAT"]
[SourceTitle "CB26_2025"]
[SourceDate "2025.06.25"]
[SourceVersion "1"]
[SourceVersionDate "2025.06.25"]
[SourceQuality "1"]

1. c4 c5 2. Nc3 Nc6 3. g3 g6 4. Bg2 Bg7 5. e4 d6 6. Nge2 e6 7. d3 Nge7 8. 0-0 0-0 9. Rb1 b6 10. f4 Bb7 11. a3 Qd7 12. b4 f5 13. Nb5 a6 14. Nbc3 Rab8 15. Be3 Nd4 16. Qd2 Ba8 17. Bf2 b5 18. cxb5 axb5 19. Rfc1 Rfc8 20. Qa2 fxe4 21. dxe4 Nxe2+ 22. Nxe2 c4 23. a4 d5 24. axb5 dxe4 25. Rxc4 Rxc4 26. Qxc4 Bd5 27. Qc2 Qb7 28. Bc5 Nf5 29. Rd1 Rc8 30. Nc3 Ne3 31. Bxe3 Rxc3 32. Qe2 Rc4 33. Bc5 Qxb5 34. Bf1 Qa4 35. Bh3 Rc2 36. Qxe4 Rg2+ 37. Qxg2 Qxd1+ 38. Qf1 Bd4+ 39. Bxd4 Qxd4+ 40. Qf2 Qxb4 41. Bg2 Qb1+ 42. Qf1 Qc2 43. h4 1/2-1/2

[Event "Cesis 4th"]
[Site "Cesis"]
[Date "2025.06.17"]
[Round "5"]
[White "Golubovskis, Maksims"]
[Black "Kengis, Edvins"]
[Result "1-0"]
[WhiteElo "2228"]
[BlackElo "2508"]
[PlyCount "161"]
[EventDate "2025.06.16"]
[EventType "swiss"]
[EventRounds "8"]
[EventCountry "LAT"]
[SourceTitle "CB26_2025"]
[SourceDate "2025.06.25"]
[SourceVersion "1"]
[SourceVersionDate "2025.06.25"]
[SourceQuality "1"]

1. e4 c5 2. Nc3 a6 3. Nf3 d6 4. d4 cxd4 5. Nxd4 Nf6 6. Be3 e5 7. Nb3 Be6 8. f3 Be7 9. Qd2 h5 10. Be2 d5 11. exd5 Nxd5 12. Nxd5 Qxd5 13. Qxd5 Bxd5 14. 0-0-0 Bxb3 15. axb3 Nc6 16. c3 Rd8 17. Rxd8+ Kxd8 18. Bc4 Rf8 19. Bb6+ Kc8 20. Re1 f5 21. b4 Rf6 22. b5 axb5 23. Bxb5 Bd6 24. Bd3 g6 25. Be3 Kd7 26. b4 Rf8 27. Rd1 Kc7 28. Bc2 Ne7 29. Bb6+ Kxb6 30. Rxd6+ Kc7 31. Re6 Kd7 32. Rxe5 Rf6 33. Ba4+ Kd8 34. f4 Ra6 35. Bc2 Ra1+ 36. Bb1 Kd7 37. Kb2 Ra8 38. Ba2 Nc6 39. Rd5+ Kc7 40. b5 Ne7 41. Re5 Kd7 42. Be6+ Kd6 43. Bb3 Kd7 44. Re1 h4 45. Rd1+ Kc7 46. Be6 Ng8 47. Rd7+ Kb6 48. Rg7 Nf6 49. Rxg6 Rf8 50. Bxf5 Kxb5 51. g3 hxg3 52. hxg3 Kc5 53. Bc2 Nd7 54. Be4 Kc4 55. Rd6 Nc5 56. Rd4+ Kb5 57. Rb4+ Ka5 58. Rc4 Kb5 59. Bd5 Rf5 60. Rb4+ Ka5 61. Bc4 Na4+ 62. Kb3 b5 63. Bd3 Rd5 64. Rd4 Nc5+ 65. Kc2 Rh5 66. Bg6 Rh3 67. g4 Rf3 68. Bf5 Rf2+ 69. Kd1 Rf3 70. Ke2 Rxc3 71. g5 Nb3 72. Rd7 Rc4 73. g6 Nd4+ 74. Rxd4 Rxd4 75. Ke3 Rd1 76. Bc2 Rg1 77. f5 b4 78. f6 b3 79. Bf5 Rg5 80. Bb1 Rg1 81. f7 1-0

[Event "Kuressaare Saaremaa Blitz op"]
[Site "Kuressaare"]
[Date "2025.05.30"]
[Round "8"]
[White "Kalvaitis, Sigitas"]
[Black "Golubovskis, Maksims"]
[Result "0-1"]
[WhiteElo "2191"]
[BlackElo "2228"]
[PlyCount "76"]
[EventDate "2025.05.30"]
[EventType "swiss (blitz)"]
[EventRounds "11"]
[EventCountry "EST"]
[SourceTitle "CB28_2025"]
[SourceDate "2025.07.09"]
[SourceVersion "1"]
[SourceVersionDate "2025.07.09"]
[SourceQuality "1"]

1. e4 c5 2. Nf3 g6 3. d4 cxd4 4. Qxd4 Nf6 5. Bb5 Nc6 6. Bxc6 bxc6 7. e5 Nd5 8. e6 f6 9. exd7+ Qxd7 10. 0-0 Bg7 11. Rd1 0-0 12. Qc4 Kh8 13. Nc3 Bb7 14. Ne4 Qg4 15. h3 Qc8 16. Nc5 e5 17. b3 Re8 18. Bb2 Qc7 19. Nxb7 Qxb7 20. Rd2 e4 21. Nd4 e3 22. fxe3 Rac8 23. Re1 Nxe3 24. Qc5 Re5 25. Qc3 Nd5 26. Qg3 Rce8 27. Rde2 Rxe2 28. Rxe2 Rxe2 29. Nxe2 Qe7 30. Qb8+ Bf8 31. c4 Ne3 32. Nf4 Kg7 33. Bd4 c5 34. Nd5 Nxd5 35. Bb2 Nb4 36. Bc3 Nxa2 37. Ba5 Nb4 38. Bd8 Nc6 0-1

[Event "Kuressaare Saaremaa Blitz op"]
[Site "Kuressaare"]
[Date "2025.05.30"]
[Round "2"]
[White "Keinanen, Toivo"]
[Black "Golubovskis, Maksims"]
[Result "1-0"]
[WhiteElo "2532"]
[BlackElo "2228"]
[PlyCount "85"]
[EventDate "2025.05.30"]
[EventType "swiss (blitz)"]
[EventRounds "11"]
[EventCountry "EST"]
[SourceTitle "CB28_2025"]
[SourceDate "2025.07.09"]
[SourceVersion "1"]
[SourceVersionDate "2025.07.09"]
[SourceQuality "1"]

1. d4 Nf6 2. Nf3 e6 3. g3 b5 4. Bg5 Bb7 5. Bg2 h6 6. Bxf6 Qxf6 7. 0-0 c5 8. c3 Be7 9. Qd3 c4 10. Qc2 0-0 11. Ng5 Qxg5 12. Bxb7 Nc6 13. Bxa8 Rxa8 14. Nd2 d5 15. b3 Rc8 16. bxc4 dxc4 17. Rfb1 a5 18. Nf3 Qh5 19. Qe4 b4 20. Rc1 Qb5 21. Rab1 b3 22. axb3 cxb3 23. c4 Qb4 24. Ne1 a4 25. Nd3 Qb7 26. d5 Na5 27. c5 a3 28. c6 Qb5 29. dxe6 f5 30. Qd4 a2 31. Qd7 Rxc6 32. Qxe7 axb1Q 33. Rxb1 Qd5 34. Nf4 Qd6 35. Qe8+ Qf8 36. Qd7 Rc8 37. e7 Qe8 38. Qe6+ Kh8 39. Qxf5 Nc4 40. Rxb3 Nd6 41. Qe6 Rc1+ 42. Kg2 Nc8 43. Rf3 1-0

[Event "LAT-ch"]
[Site "Riga"]
[Date "2025.05.03"]
[Round "7"]
[White "Savicevs, Arsenijs"]
[Black "Golubovskis, Maksims"]
[Result "0-1"]
[WhiteElo "2217"]
[BlackElo "2249"]
[PlyCount "132"]
[EventDate "2025.04.29"]
[EventType "swiss"]
[EventRounds "9"]
[EventCountry "LAT"]
[SourceTitle "CB19_2025"]
[SourceDate "2025.05.07"]
[SourceVersion "1"]
[SourceVersionDate "2025.05.07"]
[SourceQuality "1"]

1. e4 c5 2. Nf3 g6 3. d4 cxd4 4. Nxd4 Bg7 5. c4 Nc6 6. Be3 Nf6 7. Nc3 0-0 8. Be2 d6 9. 0-0 Bd7 10. Re1 Nxd4 11. Bxd4 Bc6 12. Qc2 a5 13. b3 Nd7 14. Bxg7 Kxg7 15. Rad1 Qc7 16. Bf1 Rac8 17. g3 Ne5 18. Qb2 Nf3+ 19. Kh1 e5 20. Re3 Nd4 21. Ne2 Nf5 22. Rc3 Bxe4+ 23. Kg1 h5 24. Bh3 Qc5 25. Rcc1 Rcd8 26. Nc3 Bf3 27. Rd3 Nd4 28. Nb5 Be4 29. Re3 Nf3+ 30. Kh1 Ng5+ 31. Bg2 Bxg2+ 32. Kxg2 Qc6+ 33. f3 f5 34. h4 Ne6 35. Rd3 Rf6 36. Qd2 Nc5 37. Rd5 f4 38. Rxe5 dxe5 39. Qxd8 e4 40. Qc7+ Qxc7 41. Nxc7 exf3+ 42. Kxf3 fxg3+ 43. Kxg3 Ne4+ 44. Kh3 Rf3+ 45. Kg2 Rg3+ 46. Kh2 Rg4 47. Kh3 Nf2+ 48. Kh2 Nd3 49. Rd1 Rxh4+ 50. Kg3 Rg4+ 51. Kh2 Ne5 52. Ne6+ Kf6 53. Nc5 h4 54. Kh3 g5 55. Nd7+ Ke6 56. Nxe5 Rg3+ 57. Kh2 Kxe5 58. Rd5+ Kf4 59. Rxa5 Rc3 60. Rd5 Rc2+ 61. Kg1 h3 62. Rd4+ Kg3 63. Rd3+ Kh4 64. a4 g4 65. Rd4 h2+ 66. Kh1 Kh3 0-1

[Event "Senta Fantastico GM Mix 02"]
[Site "Senta"]
[Date "2025.02.16"]
[Round "9"]
[White "Golubovskis, Maksims"]
[Black "Zhou, Yuxu"]
[Result "1-0"]
[WhiteElo "2237"]
[BlackElo "2037"]
[PlyCount "75"]
[EventDate "2025.02.11"]
[EventType "swiss"]
[EventRounds "9"]
[EventCountry "SRB"]
[SourceTitle "CB09_2025"]
[SourceDate "2025.02.27"]
[SourceVersion "1"]
[SourceVersionDate "2025.02.27"]
[SourceQuality "1"]

1. c4 Nf6 2. Nc3 e5 3. Nf3 Nc6 4. e4 Bb4 5. d3 d6 6. Be2 a5 7. 0-0 Bc5 8. Be3 Bg4 9. Nd2 Bxe2 10. Qxe2 Nd4 11. Bxd4 Bxd4 12. Nf3 Ba7 13. g3 0-0 14. Kg2 Qd7 15. Rad1 Rfe8 16. h3 Kh8 17. Nh4 Ng8 18. f4 exf4 19. gxf4 Qe7 20. Qe1 c6 21. d4 Qf6 22. e5 dxe5 23. fxe5 Qe6 24. Nf5 f6 25. Qg3 g6 26. Nd6 Rf8 27. Nce4 Rad8 28. c5 Bb8 29. Qb3 Qe7 30. Nxf6 Nxf6 31. exf6 Qd7 32. Ne4 Qc7 33. Qg3 Qf7 34. Qh4 Rde8 35. Rde1 Qd5 36. Rf3 Qxd4 37. f7 Rd8 38. Rd1 1-0

[Event "Senta Fantastico GM Mix 02"]
[Site "Senta"]
[Date "2025.02.12"]
[Round "3"]
[White "Levitan, Judah Nathan"]
[Black "Golubovskis, Maksims"]
[Result "0-1"]
[WhiteElo "2010"]
[BlackElo "2237"]
[PlyCount "68"]
[EventDate "2025.02.11"]
[EventType "swiss"]
[EventRounds "9"]
[EventCountry "SRB"]
[SourceTitle "CB09_2025"]
[SourceDate "2025.02.27"]
[SourceVersion "1"]
[SourceVersionDate "2025.02.27"]
[SourceQuality "1"]

1. e4 c5 2. Nf3 Nc6 3. Bb5 g6 4. Bxc6 dxc6 5. d3 Bg7 6. h3 Nf6 7. Nc3 Nd7 8. Be3 e5 9. Qd2 b6 10. Bh6 Bf6 11. h4 Nf8 12. h5 Bg4 13. Ng5 Ne6 14. Nxe6 Bxe6 15. Be3 Qe7 16. hxg6 fxg6 17. 0-0-0 0-0-0 18. f3 h5 19. Kb1 g5 20. g3 Rdg8 21. Rh2 g4 22. f4 h4 23. Ne2 hxg3 24. Rxh8 Rxh8 25. fxe5 Bxe5 26. d4 cxd4 27. Nxd4 Bd7 28. Qd3 Kb7 29. Ne2 Bc8 30. Bf4 g2 31. Qg3 Bxf4 32. Qxf4 Rf8 33. Qc1 Qxe4 34. Re1 Re8 0-1

[Event "Senta Fantastico GM Mix 02"]
[Site "Senta"]
[Date "2025.02.11"]
[Round "1"]
[White "Savic, Miodrag R"]
[Black "Golubovskis, Maksims"]
[Result "1/2-1/2"]
[WhiteElo "2426"]
[BlackElo "2237"]
[PlyCount "120"]
[EventDate "2025.02.11"]
[EventType "swiss"]
[EventRounds "9"]
[EventCountry "SRB"]
[SourceTitle "CB09_2025"]
[SourceDate "2025.02.27"]
[SourceVersion "1"]
[SourceVersionDate "2025.02.27"]
[SourceQuality "1"]

1. e4 c5 2. Nf3 Nc6 3. Bb5 g6 4. 0-0 Bg7 5. c3 e5 6. d3 Nge7 7. Be3 d6 8. Qc1 0-0 9. Bh6 a6 10. Bxg7 Kxg7 11. Bxc6 Nxc6 12. Nbd2 f5 13. exf5 Bxf5 14. Ne1 d5 15. Nb3 c4 16. dxc4 dxc4 17. Nd2 Qd5 18. b3 b5 19. bxc4 bxc4 20. Ndf3 e4 21. Nd4 Nxd4 22. cxd4 Qxd4 23. Nc2 Qe5 24. Ne3 c3 25. Qa3 Rfd8 26. Rab1 Ra7 27. Rb6 Be6 28. Rxa6 Rc7 29. Ra7 Rxa7 30. Qxa7+ Rd7 31. Qa3 Bf7 32. h3 Rd3 33. Rc1 Qd4 34. Kh2 h5 35. Qe7 Rd2 36. Qc7 Rxa2 37. Qxc3 Qxc3 38. Rxc3 Rxf2 39. Kg3 Rf6 40. h4 Ba2 41. Rc1 Kf7 42. Ra1 Be6 43. Ra7+ Kf8 44. Rb7 Kg8 45. Rb4 Bf5 46. Kf4 Kg7 47. Kg5 Rf7 48. Rb6 Rf8 49. Rb5 Rf7 50. Rc5 Rf8 51. Re5 Rf7 52. Nc4 Rd7 53. Ne3 Rf7 54. Re8 Rf8 55. Re7+ Rf7 56. Re5 Rf8 57. Nc4 Rc8 58. Nd6 Rc6 59. Nxf5+ gxf5 60. Kxf5 Rg6 1/2-1/2

[Event "Budapest SixDays 01 IM-A"]
[Site "Budapest"]
[Date "2025.01.28"]
[Round "4"]
[White "Golubovskis, Maksims"]
[Black "Chubakov, Sultan"]
[Result "1/2-1/2"]
[WhiteElo "2237"]
[BlackElo "2237"]
[PlyCount "51"]
[EventDate "2025.01.26"]
[EventType "tourn"]
[EventRounds "9"]
[EventCountry "HUN"]
[SourceTitle "CB06_2025"]
[SourceDate "2025.02.05"]
[SourceVersion "1"]
[SourceVersionDate "2025.02.05"]
[SourceQuality "1"]

1. e4 c5 2. Nf3 e6 3. d4 cxd4 4. Nxd4 a6 5. c4 Nf6 6. Nc3 Qc7 7. a3 b6 8. Be3 Bb7 9. f3 Nc6 10. Be2 Rc8 11. Rc1 Nxd4 12. Qxd4 Bc5 13. Qd2 Bxe3 14. Qxe3 Qc5 15. Qxc5 bxc5 16. Kf2 d6 17. Rhd1 Ke7 18. Rd2 Rhd8 19. b4 cxb4 20. axb4 Nd7 21. Na4 Bc6 22. Nc3 Rb8 23. Rcd1 Rxb4 24. Rxd6 Rc8 25. R6d2 Nc5 26. Ra2 1/2-1/2

[Event "Budapest SixDays 01 IM-A"]
[Site "Budapest"]
[Date "2025.01.26"]
[Round "1"]
[White "Kustar, Sandor"]
[Black "Golubovskis, Maksims"]
[Result "1/2-1/2"]
[WhiteElo "2240"]
[BlackElo "2237"]
[PlyCount "159"]
[EventDate "2025.01.26"]
[EventType "tourn"]
[EventRounds "9"]
[EventCountry "HUN"]
[SourceTitle "CB06_2025"]
[SourceDate "2025.02.05"]
[SourceVersion "1"]
[SourceVersionDate "2025.02.05"]
[SourceQuality "1"]

1. Nf3 Nf6 2. c4 e6 3. d4 d5 4. Nc3 dxc4 5. e3 a6 6. a4 b6 7. Bxc4 Bb7 8. 0-0 Bb4 9. Qe2 Nbd7 10. Na2 Bd6 11. Nc3 c5 12. Rd1 Qc7 13. b3 0-0 14. h3 Rfe8 15. d5 Ne5 16. Nxe5 Bxe5 17. Bb2 Kh8 18. dxe6 fxe6 19. f4 Bd6 20. Rd2 Nd5 21. Rad1 Nxe3 22. Rxd6 Nxd1 23. Rxd1 Qxf4 24. Rd7 Bc6 25. Rd3 Rad8 26. Re3 b5 27. axb5 axb5 28. Bd3 e5 29. Be4 Bxe4 30. Rxe4 Rd2 31. Qe1 Qg5 32. Rg4 Qd8 33. Bc1 Rd4 34. Be3 Rxg4 35. hxg4 c4 36. bxc4 bxc4 37. Qe2 Qc7 38. Bf2 e4 39. Qe3 Qc6 40. Qd4 Qe6 41. Be3 Re7 42. g5 Rd7 43. Qc5 Kg8 44. Ne2 Rd5 45. Qc7 Rd1+ 46. Kf2 Qf7+ 47. Qxf7+ Kxf7 48. Nc3 Rd3 49. Nxe4 Kg6 50. g4 Kf7 51. Ke2 Rd8 52. Bd2 Ke6 53. Bc3 Kd5 54. Nd2 Re8+ 55. Kf3 Re7 56. Kf2 Rf7+ 57. Ke3 Re7+ 58. Kf2 Ra7 59. Ke3 Ra3 60. Ne4 Rb3 61. Kf4 Rb1 62. Kf3 Rf1+ 63. Ke2 Rf7 64. Nf2 Re7+ 65. Kd2 Kc5 66. Nd1 Rd7+ 67. Ke2 Rd5 68. Bd2 Re5+ 69. Kf3 Rd5 70. Ke2 Kd4 71. Be3+ Ke5 72. Bd2 Rb5 73. Ke3 Rb1 74. Bc3+ Kd5 75. Nf2 g6 76. Ne4 Rb3 77. Nf6+ Kc5 78. Ne4+ Kd5 79. Nf6+ Kc5 80. Ne4+ 1/2-1/2

[Event "Titled Tuesday intern op 14th Jan Early"]
[Site "Chess.com INT"]
[Date "2025.01.14"]
[Round "3"]
[White "Golubovskis, Maksims"]
[Black "Concio, Michael Jr"]
[Result "0-1"]
[WhiteElo "2237"]
[BlackElo "2371"]
[PlyCount "68"]
[EventDate "2025.01.14"]
[EventType "swiss (blitz)"]
[EventRounds "11"]
[EventCountry "USA"]
[SourceTitle "CB04_2025"]
[SourceDate "2025.01.22"]
[SourceVersion "1"]
[SourceVersionDate "2025.01.22"]
[SourceQuality "1"]

1. e4 e5 2. Nf3 Nc6 3. Bb5 Nge7 4. c3 g6 5. d4 exd4 6. cxd4 a6 7. Ba4 d5 8. exd5 Nxd5 9. 0-0 Bg7 10. Re1+ Be6 11. Bg5 Qd6 12. Nc3 Nxc3 13. bxc3 0-0 14. Rb1 b5 15. Bb3 Bxb3 16. axb3 Rfe8 17. Rxe8+ Rxe8 18. Ra1 a5 19. Rc1 b4 20. d5 Ne5 21. cxb4 axb4 22. Bf4 Nxf3+ 23. Qxf3 Be5 24. Bxe5 Rxe5 25. Rd1 Kg7 26. g3 Qc5 27. Kg2 Rf5 28. Qe2 Rxd5 29. Rxd5 Qxd5+ 30. Kh3 Qe6+ 31. Qxe6 fxe6 32. Kg4 c5 33. Kf3 c4 34. bxc4 b3 0-1

[Event "Titled Tuesday intern op 14th Jan Early"]
[Site "Chess.com INT"]
[Date "2025.01.14"]
[Round "5"]
[White "Golubovskis, Maksims"]
[Black "Rozman, Levy"]
[Result "0-1"]
[WhiteElo "2237"]
[BlackElo "2353"]
[PlyCount "66"]
[EventDate "2025.01.14"]
[EventType "swiss (blitz)"]
[EventRounds "11"]
[EventCountry "USA"]
[SourceTitle "CB04_2025"]
[SourceDate "2025.01.22"]
[SourceVersion "1"]
[SourceVersionDate "2025.01.22"]
[SourceQuality "1"]

1. c4 e6 2. Nc3 d5 3. d4 Nf6 4. cxd5 exd5 5. Bg5 Be7 6. e3 h6 7. Bh4 Bg4 8. Qb3 Nbd7 9. Nf3 0-0 10. Be2 c5 11. 0-0 c4 12. Qc2 a6 13. Ne5 Bxe2 14. Qxe2 Nxe5 15. dxe5 Ne4 16. Nxe4 Bxh4 17. Nd6 Be7 18. Rfd1 Bxd6 19. Rxd5 Qg5 20. f4 Qf5 21. Rxd6 Rac8 22. Rad1 c3 23. bxc3 Rxc3 24. h3 Qe4 25. R6d3 Rfc8 26. R1d2 Kh7 27. Kf2 b5 28. Rd7 Rc2 29. Rxc2 Rxc2 30. Rd2 Rc3 31. Qf3 Qc4 32. Qb7 b4 33. Qd7 Qe4 0-1

[Event "Titled Tuesday intern op 07th Jan Early"]
[Site "Chess.com INT"]
[Date "2025.01.07"]
[Round "4"]
[White "Golubovskis, Maksims"]
[Black "Zhigalko, Sergei"]
[Result "0-1"]
[WhiteElo "2237"]
[BlackElo "2572"]
[PlyCount "84"]
[EventDate "2025.01.07"]
[EventType "swiss (blitz)"]
[EventRounds "11"]
[EventCountry "USA"]
[SourceTitle "CB03_2025"]
[SourceDate "2025.01.15"]
[SourceVersion "1"]
[SourceVersionDate "2025.01.15"]
[SourceQuality "1"]

1. c4 e5 2. Nc3 Nf6 3. Nf3 Nc6 4. e4 Bb4 5. d3 d6 6. a3 Bc5 7. b4 Bb6 8. Na4 Bg4 9. Nxb6 axb6 10. Bb2 0-0 11. Be2 Re8 12. 0-0 Ne7 13. Nh4 Bxe2 14. Qxe2 g5 15. Nf3 h6 16. Nd2 Ng6 17. g3 Kh7 18. Rfe1 Qd7 19. Qf3 Qe6 20. Nf1 Rg8 21. Ne3 Rae8 22. Rac1 g4 23. Qf5 Qxf5 24. Nxf5 Ne7 25. Ne3 Nd7 26. Nd5 Nxd5 27. cxd5 Rc8 28. Rc2 c5 29. dxc6 bxc6 30. d4 exd4 31. Bxd4 Rge8 32. Ba1 Re6 33. Kg2 d5 34. f3 gxf3+ 35. Kxf3 Rce8 36. e5 f6 37. Rd1 fxe5 38. b5 d4 39. bxc6 Nc5 40. Kg2 Rxc6 41. Rf1 Kg6 42. Re1 Rce6 0-1

[Event "Titled Tuesday intern op 07th Jan Early"]
[Site "Chess.com INT"]
[Date "2025.01.07"]
[Round "2"]
[White "Wacker, Peter"]
[Black "Golubovskis, Maksims"]
[Result "0-1"]
[WhiteElo "2207"]
[BlackElo "2237"]
[PlyCount "142"]
[EventDate "2025.01.07"]
[EventType "swiss (blitz)"]
[EventRounds "11"]
[EventCountry "USA"]
[SourceTitle "CB03_2025"]
[SourceDate "2025.01.15"]
[SourceVersion "1"]
[SourceVersionDate "2025.01.15"]
[SourceQuality "1"]

1. Nf3 Nf6 2. e3 e6 3. c4 c5 4. b3 Nc6 5. Bb2 Be7 6. Be2 0-0 7. 0-0 b6 8. d4 cxd4 9. Nxd4 Bb7 10. Bf3 a6 11. h3 Qc7 12. Nd2 Ne5 13. Bxb7 Qxb7 14. N2f3 d6 15. Qe2 Rfd8 16. Rfd1 Rab8 17. a4 Nxf3+ 18. Nxf3 d5 19. Be5 Rbc8 20. Rac1 h6 21. cxd5 Rxc1 22. Rxc1 Qxd5 23. Qc4 b5 24. axb5 axb5 25. Qxd5 Nxd5 26. Kf1 f6 27. Bd4 e5 28. Bb2 Kf7 29. Ke2 Ke6 30. h4 Ra8 31. Ra1 Rc8 32. Rc1 Rxc1 33. Bxc1 f5 34. Bb2 Bf6 35. Ne1 Bxh4 36. Nd3 Bf6 37. Nc5+ Kd6 38. Nb7+ Kc6 39. Na5+ Kb6 40. b4 Nxb4 41. Nb3 Kc6 42. e4 g6 43. f3 Na6 44. Na5+ Kb6 45. Nb3 Nc5 46. Nd2 Na4 47. Ba3 Nc5 48. Bb4 Kc6 49. Ke3 Bg5+ 50. Ke2 Bxd2 51. Kxd2 fxe4 52. Ke3 exf3 53. gxf3 Kd5 54. Be1 Ne6 55. Bd2 Nd4 56. Bb4 Nc2+ 57. Kd3 Nxb4+ 58. Ke3 Nc6 59. f4 exf4+ 60. Kxf4 b4 61. Ke3 h5 62. Kf4 b3 63. Ke3 b2 64. Kf4 b1Q 65. Kg5 Qf5+ 66. Kh6 h4 67. Kg7 h3 68. Kg8 h2 69. Kg7 h1Q 70. Kg8 Qd7 71. Kf8 Qh8# 0-1

[Event "Riga Christmas"]
[Site "Riga"]
[Date "2024.12.13"]
[Round "7"]
[White "Miezis, Normunds"]
[Black "Golubovskis, Maksims"]
[Result "0-1"]
[WhiteElo "2409"]
[BlackElo "2237"]
[PlyCount "84"]
[EventDate "2024.12.09"]
[EventType "tourn"]
[EventRounds "9"]
[EventCountry "LAT"]
[EventCategory "3"]
[SourceTitle "CB51_2024"]
[SourceDate "2024.12.18"]
[SourceVersion "1"]
[SourceVersionDate "2024.12.18"]
[SourceQuality "1"]

1. c4 c5 2. Nc3 Nc6 3. g3 g6 4. Bg2 Bg7 5. d3 e6 6. e4 Nge7 7. Nge2 0-0 8. 0-0 d6 9. Rb1 b6 10. Be3 Bb7 11. d4 Rc8 12. b3 cxd4 13. Nxd4 Qd7 14. Rb2 Rfd8 15. Rd2 Nxd4 16. Bxd4 Bxd4 17. Rxd4 a6 18. a4 Qc7 19. Qb1 Qc5 20. Rfd1 Nc6 21. R4d2 g5 22. h3 Qe5 23. Qd3 Kf8 24. Kh2 Ke7 25. Re2 Qc5 26. Nd5+ Kd7 27. e5 exd5 28. cxd5 Nb4 29. e6+ Kc7 30. Qxh7 Kb8 31. e7 Re8 32. Qxf7 a5 33. Ree1 Na2 34. Ra1 Nc3 35. Rac1 Bxd5 36. Bxd5 Qxd5 37. Qf6 Ne4 38. Rxc8+ Kxc8 39. Rc1+ Kd7 40. Qf8 Nc5 41. Re1 Ne6 42. Qh6 Nd4 0-1

[Event "Riga Christmas"]
[Site "Riga"]
[Date "2024.12.10"]
[Round "2"]
[White "Golubovskis, Maksims"]
[Black "Tolmacevs, Artjoms"]
[Result "0-1"]
[WhiteElo "2237"]
[BlackElo "2227"]
[PlyCount "56"]
[EventDate "2024.12.09"]
[EventType "tourn"]
[EventRounds "9"]
[EventCountry "LAT"]
[EventCategory "3"]
[SourceTitle "CB51_2024"]
[SourceDate "2024.12.18"]
[SourceVersion "1"]
[SourceVersionDate "2024.12.18"]
[SourceQuality "1"]

1. c4 c5 2. Nc3 g6 3. Nf3 Bg7 4. e3 Nf6 5. d4 0-0 6. d5 e6 7. Be2 exd5 8. cxd5 d6 9. Nd2 a6 10. a4 Nbd7 11. 0-0 Re8 12. e4 Ne5 13. Qc2 g5 14. f3 h6 15. g3 Bh3 16. Rf2 Rb8 17. a5 Qe7 18. b3 Ng6 19. Bb2 Rbd8 20. Re1 Ne5 21. Bf1 Bc8 22. f4 gxf4 23. gxf4 Neg4 24. Rf3 Nh5 25. h3 Bd4+ 26. Kg2 Qh4 27. Qd1 Nf2 28. Qe2 Nxf4+ 0-1

[Event "Riga Christmas"]
[Site "Riga"]
[Date "2024.12.09"]
[Round "1"]
[White "Starostits, Ilmars"]
[Black "Golubovskis, Maksims"]
[Result "1/2-1/2"]
[WhiteElo "2372"]
[BlackElo "2237"]
[PlyCount "39"]
[EventDate "2024.12.09"]
[EventType "tourn"]
[EventRounds "9"]
[EventCountry "LAT"]
[EventCategory "3"]
[SourceTitle "CB51_2024"]
[SourceDate "2024.12.18"]
[SourceVersion "1"]
[SourceVersionDate "2024.12.18"]
[SourceQuality "1"]

1. d4 Nf6 2. Nf3 e6 3. e3 b6 4. Bd3 Bb7 5. 0-0 Be7 6. b3 0-0 7. Bb2 c5 8. Nbd2 d6 9. Re1 Nbd7 10. Qe2 Qc7 11. c4 Rfe8 12. Rad1 Bf8 13. dxc5 Qxc5 14. Nd4 Rad8 15. Bb1 g6 16. N2f3 a6 17. Nc2 Qc7 18. Rc1 Bg7 19. Red1 Qb8 20. b4 1/2-1/2

[Event "Budapest Vezerkepzo Haag IM-B 11"]
[Site "Budapest"]
[Date "2024.11.10"]
[Round "8"]
[White "Golubovskis, Maksims"]
[Black "Samhita, Pungavanam"]
[Result "1-0"]
[WhiteElo "2192"]
[BlackElo "1752"]
[PlyCount "81"]
[EventDate "2024.11.04"]
[EventType "tourn"]
[EventRounds "9"]
[EventCountry "HUN"]
[SourceTitle "CB45_2024"]
[Source "ChessBase"]
[SourceDate "2024.11.06"]
[SourceVersion "1"]
[SourceVersionDate "2024.11.06"]
[SourceQuality "1"]

1. c4 Nf6 2. Nc3 g6 3. g3 Bg7 4. Bg2 0-0 5. e4 d6 6. d4 e5 7. Nge2 Nc6 8. d5 Ne7 9. 0-0 c6 10. h3 Qc7 11. Be3 Bd7 12. Qd2 Rad8 13. Bg5 Bc8 14. Rac1 Ne8 15. Rfd1 f6 16. Be3 f5 17. b4 Nf6 18. f3 b6 19. dxc6 Qxc6 20. Nd5 Nexd5 21. cxd5 Qd7 22. Rc6 Bb7 23. b5 Nh5 24. Rdc1 Rc8 25. Bf2 f4 26. g4 Nf6 27. R1c4 h5 28. g5 Nh7 29. h4 Rfd8 30. Kh2 Bxc6 31. bxc6 Qc7 32. Nc3 a6 33. a4 Rb8 34. Rb4 Nf8 35. Qb2 Re8 36. Bf1 Qa7 37. a5 Qe7 38. axb6 a5 39. Ra4 Ra8 40. b7 Rab8 41. Qb6 1-0

[Event "Budapest Vezerkepzo Haag IM-B 11"]
[Site "Budapest"]
[Date "2024.11.09"]
[Round "7"]
[White "Pribelszky, Bence Daniel"]
[Black "Golubovskis, Maksims"]
[Result "1/2-1/2"]
[WhiteElo "2395"]
[BlackElo "2192"]
[PlyCount "95"]
[EventDate "2024.11.04"]
[EventType "tourn"]
[EventRounds "9"]
[EventCountry "HUN"]
[SourceTitle "CB45_2024"]
[Source "ChessBase"]
[SourceDate "2024.11.06"]
[SourceVersion "1"]
[SourceVersionDate "2024.11.06"]
[SourceQuality "1"]

1. e4 c5 2. Nc3 d6 3. Nge2 Nf6 4. d4 cxd4 5. Nxd4 a6 6. h3 e5 7. Nb3 Be6 8. Be3 Be7 9. f4 exf4 10. Bxf4 Nc6 11. Qe2 0-0 12. 0-0-0 Qc7 13. g4 g6 14. Qh2 Rfd8 15. Be2 Ne5 16. g5 Nh5 17. Bxh5 gxh5 18. Nd4 Nc4 19. Nxe6 fxe6 20. Qe2 Rac8 21. Rd3 Rf8 22. Rf1 Ne5 23. Bxe5 Rxf1+ 24. Qxf1 dxe5 25. h4 b5 26. Qd1 Bf8 27. Ne2 Qf7 28. Kb1 Qf2 29. Ng3 Be7 30. c3 Rf8 31. Qxh5 Qg1+ 32. Qd1 Qxd1+ 33. Rxd1 Rf4 34. Rh1 Rg4 35. Rh3 Kf7 36. Kc2 Bc5 37. Nh5 Rxe4 38. Nf6 Re2+ 39. Kd3 Re1 40. Rf3 Kg6 41. Ne4 Be7 42. h5+ Kxh5 43. Rf7 Bxg5 44. Rxh7+ Kg4 45. Nxg5 Kxg5 46. Ra7 Rd1+ 47. Ke3 Rd6 48. Rg7+ 1/2-1/2

[Event "Budapest Vezerkepzo Haag IM-B 11"]
[Site "Budapest"]
[Date "2024.11.06"]
[Round "4"]
[White "Golubovskis, Maksims"]
[Black "Munkhgal, Gombosuren"]
[Result "0-1"]
[WhiteElo "2192"]
[BlackElo "2392"]
[PlyCount "108"]
[EventDate "2024.11.04"]
[EventType "tourn"]
[EventRounds "9"]
[EventCountry "HUN"]
[SourceTitle "CB45_2024"]
[Source "ChessBase"]
[SourceDate "2024.11.06"]
[SourceVersion "1"]
[SourceVersionDate "2024.11.06"]
[SourceQuality "1"]

1. c4 e6 2. Nc3 d5 3. d4 Bb4 4. a3 Bxc3+ 5. bxc3 c6 6. e3 Nf6 7. Bd3 e5 8. cxd5 e4 9. Bb1 cxd5 10. a4 0-0 11. Ba3 Re8 12. Ne2 Nc6 13. 0-0 b6 14. Ng3 Ba6 15. Re1 Qd7 16. Ra2 Bc4 17. Rb2 g6 18. f3 h5 19. fxe4 dxe4 20. Rf2 Qe6 21. Rxf6 Qxf6 22. Nxe4 Qe6 23. d5 Qf5 24. Qf3 Qxf3 25. gxf3 Ne5 26. Nf6+ Kg7 27. Nxe8+ Rxe8 28. Rd1 Bb3 29. Rf1 Bxd5 30. e4 Bb3 31. f4 Nc4 32. Bc1 Bxa4 33. Bd3 Bb5 34. Re1 a5 35. Bxc4 Bxc4 36. Be3 b5 37. Bd4+ f6 38. Kf2 a4 39. e5 Kf7 40. Bc5 Rd8 41. Bd6 g5 42. fxg5 fxg5 43. Ke3 Ke6 44. Ke4 Rd7 45. Rg1 Rg7 46. Bb4 Bd5+ 47. Kd4 g4 48. Rd1 Bf3 49. Re1 h4 50. Rf1 Rd7+ 51. Bd6 a3 52. h3 a2 53. hxg4 Rg7 54. Ke3 h3 0-1